000 01035cam a22002894a 4500
001 14829913
003 OSt
005 20250610111128.0
008 070501s2007 ctu b 001 0 eng
010 _a 2007017728
020 _a9781591585466 (alk. paper)
020 _a1591585465 (alk. paper)
035 _a(OCoLC)ocn126226121
040 _aDLC
_cDLC
_dBAKER
_dBTCTA
_dC#P
_dBWX
_dYDXCP
_dDLC
050 0 0 _aLB1042
_b.H389 2007
082 0 0 _a372.677
_bHAV/S
100 1 _aHaven, Kendall F.
245 1 0 _aStory proof :
_bthe science behind the startling power of story /
_cKendall Haven.
260 _aWestport, Conn. :
_bLibraries Unlimited,
_c2007.
300 _ax, 152 p. ;
_c26 cm.
504 _aIncludes bibliographical references (p. [129]-147) and index.
650 0 _aStorytelling.
650 0 _aBrain
_xGrowth.
650 0 _aCognition in children.
856 4 1 _3Table of contents only
_uhttp://www.loc.gov/catdir/toc/ecip0717/2007017728.html
942 _2ddc
_cBK
_h372.677
_iHAV/S
_k372.677
_mHAV/S
999 _c44502
_d44502